Bharat 2001: varshik sandarbh granth (HIN) (Record no. 132797)

MARC details
000 -LEADER
fixed length control field 00425nam a2200145Ia 4500
005 - DATE AND TIME OF LATEST TRANSACTION
control field 20240821155812.0
008 - FIXED-LENGTH DATA ELEMENTS--GENERAL INFORMATION
fixed length control field 240821s9999||||xx |||||||||||||| ||und||
082 ## - DEWEY DECIMAL CLASSIFICATION NUMBER
Classification number 309.154 BHA (R-Y)
100 ## - MAIN ENTRY--PERSONAL NAME
Personal name India, Soochna aur Prasaran Mantralay
245 #0 - TITLE STATEMENT
Title Bharat 2001: varshik sandarbh granth (HIN)
260 ## - PUBLICATION, DISTRIBUTION, ETC.
Place of publication, distribution, etc. New Delhi
Name of publisher, distributor, etc. Soochna aur Prasaran Mantralaya
Date of publication, distribution, etc. 2001
300 ## - PHYSICAL DESCRIPTION
Extent 957.p
650 ## - SUBJECT ADDED ENTRY--TOPICAL TERM
Topical term or geographic name entry element India - Yearbook
942 ## - ADDED ENTRY ELEMENTS (KOHA)
Koha item type Book
Holdings
Withdrawn status Lost status Damaged status Not for loan Home library Current library Date acquired Total checkouts Barcode Date last seen Price effective from Koha item type
        Library and Documentation Division NCERT Library and Documentation Division NCERT 08/21/2024   120683 08/21/2024 08/21/2024 Book